Most Popular Video Games of 2024 - Statistics

General Stats
  • This quiz has been taken 469 times
  • The average score is 5 of 10
Answer Stats
Developer Answer % Correct
Mojang Studios Minecraft
98%
Epic Games Fortnite
93%
Roblox Corporation Roblox
88%
Riot Games Valorant
48%
Riot Games League of Legends
39%
FromSoftware Inc. Elden Ring
27%
Respawn Entertainment Apex Legends
24%
Valve Corporation Counter-Strike 2
17%
Bungie Destiny 2
17%
Infinity Ward Call of Duty: Warzone
8%
No matching quizzes found
Score Distribution
Percent of People with Each Score
Percentile by Number Answered
Your Score History
You have not taken this quiz